000
00304nam a22001337a 4500
008
171017b xxu||||| |||| 00| 0 eng d
020
_a
9780538074612
041
_a
eng
080
_a
338
100
_a
53
101
_a
MEN
245
_a
PRODUCTION & INVENTORY MANAGEMENT
_c
FOGARTY,D.W
942
_2
udc
_c
BK
999
_c
34518
_d
34518